000 00687nam a2200241Ia 4500
005 20260121112959.0
008 10347 260114s9999 xx 000 0 eng d
020 _a9789814530088
037 _aEBOOK
040 _aCRL
_beng
_cCRL
041 _aeng
_2eng
084 _qCRL
100 _aCamiz Sergio Et Al
_9966316
245 0 _aMatrices and Graphs: Theory and Applications to Economics - Proceedings of the Conferences
260 _bWorld Scientific
260 _bWSPC
260 _c1996
650 _aMathematics
_9966317
856 _uhttps://www.worldscientific.com/worldscibooks/10.1142/3385#t=toc
942 _cEBOOK
999 _c1547647
_d1547647